00631nam a2200181Ia 4500008004100000041000800041082001900049100001400068245003000082250001200112260003000124300000900154365001600163700001400179906005200193999001900245952018500264230718s9999 xx 000 0 und d aeng a621.382'2bBAB aBabu P.R. aDigital Signal Processing a4th ed. c2010bScitech Publication a1038 cRs.b410.00 aBabu P.R. dO:0078915-Apr-2010B:537514-Apr-2010cETC b1230 c324763d324763 00104070aCCEPbCCEPd2010-04-15eVarma Book DistributorsfETC g328.00i5375l12o621.382'2pCCEP-BK-35970r2025-12-03 12:23:31s2025-12-01t1230v410.00w2010-04-14yBKz035970